000 00624nam a22002057a 4500
005 20251108175044.0
008 250721s2010 xx 000 0 ara d
082 1 4 _a956/تل
100 1 _aالتل، أحمد يوسف
245 1 0 _aظاهرة الصراع في الفكر العربي /
264 1 _aعمان :
_bأمانة عمان الكبرى،
_c2010.
300 _a779 ص.
650 1 7 _aالثقافة العربية
650 1 7 _aالفكر العربي
650 1 7 _aالثقافة
650 1 7 _aالنزاعات
700 1 _aعيد، زهدي محمد عيسى
942 _2ddc
_cBK
999 _c125042
_d125042